000 00274nam a22000977a 4500
999 _c11137
_d11137
008 180922b ||||| |||| 00| 0 eng d
020 _a9788123731056
100 _aRajadhyaksha, s Medha
_96901
245 _aTHE SECRETS OF PROTENS
260 _aNEW DELHI
_bNATIONAL BOOK TRUST
_c2014